| 000 | 01486cam a2200361 i 4500 | ||
|---|---|---|---|
| 001 | 3363 | ||
| 003 | FISKH | ||
| 005 | 20240229112940.0 | ||
| 008 | 770502s1977 nyuaf b 000 1 eng | ||
| 010 | _a 77007783 | ||
| 020 | _a0393043746 | ||
| 020 | _a0393093328 (pbk.) | ||
| 020 | _a9781788885263 | ||
| 040 |
_aDLC _cDLC _dDLC _beng |
||
| 050 | 0 | 0 |
_aPZ3.D55 _bBl73 _aPR4556 |
| 082 | 0 | 0 | _a823/.8 |
| 100 | 1 |
_aDickens, Charles, _d1812-1870. |
|
| 245 | 1 | 0 |
_aBleak House / _cCharles Dickens |
| 260 |
_aLondon : _bArcturus, _c2019 |
||
| 300 |
_a800 pages : _c20 cm |
||
| 504 | _aBibliography: p. 985-986. | ||
| 520 | _aA enthralling story about the inequalities of the 19th-century English legal system Bleak House is one of Charles Dicken's most multifaceted novels. Bleak House deals with a multiplicity of characters, plots and subplots that all weave in and around the true story of the famous case of Jarndyce and Jarndyce, a case of litigation in England's Court of Chancery, which starts as a problem of legacy and wills, but soon raises the question of murder. | ||
| 600 | 1 | 0 |
_aDickens, Charles, _d1812-1870. _tBleak House. |
| 650 | 0 |
_aIllegitimate children _vFiction. |
|
| 650 | 0 |
_aGuardian and ward _vFiction. |
|
| 650 | 0 |
_aYoung women _vFiction. |
|
| 651 | 0 |
_aLondon (England) _vFiction. |
|
| 655 | 7 |
_aDomestic fiction. _2lcsh |
|
| 655 | 7 |
_aLegal stories. _2gsafd |
|
| 906 |
_a7 _bcbc _corignew _d1 _eocip _f19 _gy-gencatlg |
||
| 942 |
_2ddc _cBK _n0 |
||
| 999 |
_c3363 _d3363 |
||